00229nam a2200085Ia 4500008004100000100001900041245003200060260004200092260000900134170620s9999 xx 000 0 und d aEdiger- Marlow 0aSuccessful School Education bNew Delhi- Discovery Publishing House c2006